People and policies in rural development : institutional problems in the formulation and implementation of rural development policies in the European Community

Αποθηκεύτηκε σε:
Λεπτομέρειες βιβλιογραφικής εγγραφής
Κύριος συγγραφέας: Tracy, Michael 1932-
Μορφή: Βιβλίο
Γλώσσα:English
Δημοσίευση: Scotland : The Arkleton Trust, c1982
Σειρά:Arkleton lecture
Θέματα:
Ετικέτες: Προσθήκη ετικέτας
Δεν υπάρχουν, Καταχωρήστε ετικέτα πρώτοι!

MARC

LEADER 00000nam a2200000 i 4500
001 1/5051
008 000602s1982 eng d
035 |l 10061449 
040 |a GR-MY-UA  |b gre  |e aacr 
041 0 |a eng 
082 0 |a 338.1094 
100 1 |a Tracy, Michael  |d 1932- 
245 1 0 |a People and policies in rural development :  |b institutional problems in the formulation and implementation of rural development policies in the European Community /  |c by Michael Tracy 
260 |a Scotland :   |b The Arkleton Trust,   |c c1982 
300 |a 56 p. 
490 1 |a Arkleton lecture 
650 0 0 |a Rural development  |z European Economic Community countries. 
650 0 0 |a Agricultural development projects  |z European Economic Community countries. 
650 0 0 |a Regional planning  |z European Economic Community countries. 
830 0 |a Arkleton lecture 
852 |a INST  |b LESVOS  |e 20000602  |h 338.1094 TRA  |p 005100028808  |q 005100028808  |t BK  |y 0 
901 |a BIBL1-2001-2 
909 |a Λ  |b 080192 
922 |a 1ΕΛΗ  |b 200005  |c ΚΠΣ/ΤΓ  |d LEADER 
950 |a 118-1999-09-20 
970 |a ΤΖΑΦΕΡΗ  |b ΕΥΑΓΓΕΛΙΑ  |z 2001/07/12